| 000 | 00546 a2200205 4500 | ||
|---|---|---|---|
| 005 | 20260314094543.0 | ||
| 008 | 260313b |||||||| |||| 00| 0 eng d | ||
| 020 |
_a9789350027110 _cRs. 695.00 |
||
| 040 | _aMAIN | ||
| 082 |
_a305.420954 _bH973G |
||
| 100 | _aHussain, Sabiha, ed. | ||
| 245 | _aGender inclusion in India: Challenges and strategies | ||
| 260 |
_bAakar Books _aDelhi _c2021 |
||
| 300 | _a284 | ||
| 650 | _aSociology | ||
| 650 | _aSocial Groups | ||
| 650 | _aWomen- India | ||
| 700 | _aTabassum, Suraiya, ed. | ||
| 942 | _cBK | ||
| 999 |
_c394685 _d394685 |
||